000 00801nam a22002297a 4500
003 OSt
005 20230301084730.0
008 220916b |||||||| |||| 00| 0 eng d
040 _cBiblioteca Lado V
082 _a701.18
_bE74a
110 _9760
_aEscuela de Garaje
_eautor
245 _aAgremiación Libre/
_bY otros escritos/
260 _aBogota
_bEscuela Taller de Boyaca
_cs.f.
300 _c17x18cm
_bvarios folletos
490 _vvol. Intemperie
650 _2Tesauro de Arte & Arquitectura
_aFOLLETOS
650 _2Tesauro de Arte & Arquitectura
_aCRITICA
_9702
650 _2Tesauro de Arte & Arquitectura
_aAPRECIACION
650 _2Tesauro de Arte & Arquitectura
_aARTE
650 _2Tesauro de Arte & Arquitectura
_aEDUCACION
942 _2ddc
_c1
_h701.18
_iE74a
_n0
999 _c3080
_d3080